Hỏi-đáp về chăn nuôi lợn đạt năng suất cao
Đã lưu trong:
| 主要作者: | |
|---|---|
| 格式: | 圖書 |
| 語言: | Undetermined |
| 出版: |
Hà nội
KHKT
1979
|
| 主題: | |
| 標簽: |
添加標簽
沒有標簽, 成為第一個標記此記錄!
|
| Thư viện lưu trữ: | Trung tâm Học liệu Trường Đại học Cần Thơ |
|---|
| LEADER | 00540nam a2200169Ia 4500 | ||
|---|---|---|---|
| 001 | CTU_14076 | ||
| 008 | 210402s9999 xx 000 0 und d | ||
| 082 | |a 636.4 | ||
| 082 | |b Th455/T3 | ||
| 100 | |a Trần Thế Thông | ||
| 245 | 0 | |a Hỏi-đáp về chăn nuôi lợn đạt năng suất cao | |
| 245 | 0 | |c Trần Thế Thông, Lê Xuân Cương, Đinh Huỳnh | |
| 260 | |a Hà nội | ||
| 260 | |b KHKT | ||
| 260 | |c 1979 | ||
| 650 | |a swine - breeding | ||
| 980 | |a Trung tâm Học liệu Trường Đại học Cần Thơ | ||